Sewing Tools Quiz Stats

 Plays Quiz not verified by Sporcle

Support Sporcle.
Go Orange.
Score 0/18 Timer 05:00
0 Plays Today
% Correct
Sewing Machine
97.5%
Measuring Tape
97.4%
Scissors
97.4%
Mannequin
96.4%
Thread
96.3%
Thimble
95.1%
Sewing Needle
94.7%
Classic button
94.3%
Safety Pin
94.2%
% Correct
Knitting Needles
94%
Zipper
93.5%
Pin Cushion
93%
Pins
92.1%
Seam Ripper
92.1%
Tailor's Chalk
90.4%
Snap fastener
85.3%
Seam Gauge
84.5%
Threader
83.6%

You're not logged in!

Compare scores with friends on all Sporcle quizzes.
OR
Log In

From the Vault

American Girl Characters

by Erin

With an American Girl movie coming out this summer (starring Abigail Breslin from 'Little Miss Sunshine'), can you name all the girls and their best friends?
Remove Ads.
Support Sporcle.
Get the best of Sporcle when you Go Orange. This ad-free experience offers more features, more stats, and more fun while also helping to support Sporcle. Thank you for becoming a member.

Show Comments

Extras

Top Quizzes Today


Score Distribution

Your Account Isn't Verified!

In order to create a playlist on Sporcle, you need to verify the email address you used during registration. Go to your Sporcle Settings to finish the process.

Report this User

Report this user for behavior that violates our Community Guidelines.

Details: